[Event "Muensterland Verbandsklasse playof 9-11"]
[Site "Germany"]
[Date "2023.04.22"]
[Round "1.2"]
[White "Schmidt, Frank"]
[Black "Dolle, Stephan"]
[Result "0-1"]
[WhiteElo "1603"]
[BlackElo "1797"]
[PlyCount "62"]
[EventDate "2022.04.22"]
[EventType "team-match"]
[EventRounds "2"]
[EventCountry "GER"]
[SourceTitle "EXT 2024"]
[Source "ChessBase"]
[SourceDate "2023.10.10"]
[SourceVersion "1"]
[SourceVersionDate "2023.10.10"]
[SourceQuality "1"]
[WhiteTeam "Emsdetten Rochade III"]
[BlackTeam "Heiden II"]
[WhiteTeamCountry "GER"]
[BlackTeamCountry "GER"]

1. d4 d5 2. c4 e6 3. Nc3 Nf6 4. Bg5 Be7 5. e3 0-0 6. Nf3 h6 7. Bh4 Nbd7 8. Bd3 dxc4 9. Bxc4 a6 10. 0-0 b5 11. Bb3 Bb7 12. a3 c5 13. Rc1 cxd4 14. Nxd4 Qb6 15. Qe2 Rac8 16. Rfd1 Rfd8 17. Ba2 b4 18. axb4 Qxb4 19. Bg3 Nc5 20. Nf3 Nfe4 21. Nxe4 Bxe4 22. Rd4 Rxd4 23. exd4 Bxf3 24. gxf3 Qxd4 25. Be5 Qa4 26. b3 Qd7 27. Qc2 Rd8 28. Bb1 f5 29. Qc4 Qd5 30. Qxd5 Rxd5 31. Re1 Nd3 0-1

[Event "Muensterland Verbandsklasse 1920"]
[Site "Germany"]
[Date "2020.02.15"]
[Round "6.7"]
[White "Jacob, Barbara"]
[Black "Schmidt, Frank"]
[Result "0-1"]
[WhiteElo "1608"]
[BlackElo "1558"]
[PlyCount "96"]
[EventDate "2019.09.14"]
[EventType "team-tourn"]
[EventRounds "7"]
[EventCountry "GER"]
[SourceTitle "EXT 2023"]
[Source "ChessBase"]
[SourceDate "2022.10.05"]
[SourceVersion "1"]
[SourceVersionDate "2022.10.05"]
[SourceQuality "1"]
[WhiteTeam "Ochtrup"]
[BlackTeam "Emsdetten Rochade III"]
[WhiteTeamCountry "GER"]
[BlackTeamCountry "GER"]

1. e4 c6 2. d4 d5 3. Nc3 dxe4 4. Nxe4 Bf5 5. Ng3 Bg6 6. Nf3 Nf6 7. Bd3 Bxd3 8. Qxd3 Qa5+ 9. c3 Qa6 10. Qxa6 Nxa6 11. 0-0 e6 12. Re1 Be7 13. Ne5 0-0 14. Bg5 Rfe8 15. Bxf6 Bxf6 16. f4 Bh4 17. Re3 Bxg3 18. Rxg3 f6 19. Ng4 Kf7 20. Ne3 Rad8 21. Rh3 h6 22. Rf1 c5 23. Nc2 b6 24. Re3 Nc7 25. Re4 f5 26. Re5 Rd5 27. Rfe1 Red8 28. Rxd5 Nxd5 29. g3 Nc7 30. Rd1 Nb5 31. a4 Nc7 32. Ne3 Ke7 33. Nc4 Na6 34. Ne5 Nb8 35. Kf2 cxd4 36. Rxd4 Rxd4 37. cxd4 Kd6 38. Ke3 Kd5 39. Kd3 a6 40. Nc4 Nd7 41. b4 b5 42. Ne3+ Kd6 43. a5 Nf6 44. Nd1 Nd5 45. Ne3 Nxb4+ 46. Kc3 Nd5+ 47. Nxd5 Kxd5 48. h3 h5 0-1

[Event "Muensterland Verbandsklasse 1920"]
[Site "Germany"]
[Date "2019.09.14"]
[Round "1.4"]
[White "Schmidt, Frank"]
[Black "Wichmann, Norbert"]
[Result "0-1"]
[WhiteElo "1558"]
[BlackElo "1750"]
[PlyCount "113"]
[EventDate "2019.09.14"]
[EventType "team-tourn"]
[EventRounds "7"]
[EventCountry "GER"]
[SourceTitle "EXT 2023"]
[Source "ChessBase"]
[SourceDate "2022.10.05"]
[SourceVersion "1"]
[SourceVersionDate "2022.10.05"]
[SourceQuality "1"]
[WhiteTeam "Emsdetten Rochade III"]
[BlackTeam "Muenster Indische Dame"]
[WhiteTeamCountry "GER"]
[BlackTeamCountry "GER"]

1. d4 Nf6 2. Nf3 g6 3. g3 Bg7 4. Bg2 0-0 5. 0-0 d6 6. Nc3 Nbd7 7. Bg5 h6 8. Bxf6 Bxf6 9. e4 c6 10. Rb1 Qc7 11. Re1 Rb8 12. a4 a6 13. Qd2 Bg7 14. d5 c5 15. Bf1 b6 16. Ne2 Nf6 17. Nf4 g5 18. Ng2 Nd7 19. Ne3 Nf6 20. Ng2 b5 21. axb5 axb5 22. c3 b4 23. c4 Ng4 24. Ne3 Nxe3 25. Qxe3 e5 26. Nd2 Bd7 27. b3 Ra8 28. Ra1 Qb7 29. Reb1 Ra3 30. Qe1 Rfa8 31. Bd3 Qa7 32. Rxa3 Qxa3 33. Kg2 h5 34. Qc1 Bh6 35. Qc2 Qa6 36. Be2 g4 37. Bd3 Qa2 38. Rb2 Qa1 39. Nf1 Qe1 40. Rb1 Qc3 41. Ne3 Bxe3 42. fxe3 Qxc2+ 43. Bxc2 Ra2 44. Rc1 Kg7 45. Kg1 Kg6 46. Kh1 Kg5 47. Kg1 Rb2 48. Kh1 f5 49. Kg2 f4 50. exf4+ exf4 51. gxf4+ Kxf4 52. Rf1+ Ke5 53. Rf2 h4 54. Rd2 Be8 55. Kf2 Bg6 56. Kf1 Bxe4 57. Re2 0-1

[Event "Muensterland Verbandsklasse 1819"]
[Site "Germany"]
[Date "2019.03.09"]
[Round "7.8"]
[White "Schmalbrock, Andreas"]
[Black "Schmidt, Frank"]
[Result "1-0"]
[WhiteElo "1421"]
[BlackElo "1568"]
[PlyCount "93"]
[EventDate "2018.09.15"]
[EventType "team-tourn"]
[EventRounds "9"]
[EventCountry "GER"]
[SourceTitle "EXT 2020"]
[Source "ChessBase"]
[SourceDate "2019.10.17"]
[SourceVersion "1"]
[SourceVersionDate "2019.10.17"]
[SourceQuality "1"]
[WhiteTeam "Nordwalde"]
[BlackTeam "Emsdetten Rochade III"]
[WhiteTeamCountry "GER"]
[BlackTeamCountry "GER"]

1. e4 c5 2. Nc3 Nc6 3. Nf3 g6 4. Bc4 Bg7 5. 0-0 d6 6. h3 a6 7. Ng5 e6 8. d3 Nge7 9. a4 0-0 10. Re1 h6 11. Nf3 Bd7 12. Bf4 e5 13. Be3 Qc8 14. Kh2 Be6 15. Qd2 Kh7 16. Ne2 f5 17. Bxe6 Qxe6 18. Qc1 f4 19. Bd2 g5 20. c3 Rac8 21. Qb1 g4 22. Nfg1 Qg6 23. d4 f3 24. Ng3 cxd4 25. cxd4 Nxd4 26. Bc3 Nec6 27. Qd3 h5 28. Nf5 Nxf5 29. exf5 Rxf5 30. g3 Rf6 31. Qc4 Rff8 32. Rad1 Rf6 33. Re4 Ne7 34. Qb4 a5 35. Qxb7 Re8 36. Bxa5 Ng8 37. Bd2 Rf7 38. Qc6 Nf6 39. Rb4 gxh3 40. Nxh3 Ng4+ 41. Rxg4 hxg4 42. Qxe8 gxh3 43. Bb4 Bf8 44. Bxd6 Bxd6 45. Rxd6 Qxd6 46. Qxf7+ Kh6 47. Qxf3 1-0

[Event "Muensterland Verbandsklasse 1415"]
[Site "Germany"]
[Date "2015.03.21"]
[Round "8.6"]
[White "Jacob, Barbara"]
[Black "Schmidt, Frank"]
[Result "0-1"]
[WhiteElo "1565"]
[BlackElo "1653"]
[PlyCount "82"]
[EventDate "2014.09.13"]
[EventType "team-tourn"]
[EventRounds "9"]
[EventCountry "GER"]
[SourceTitle "EXT 2016"]
[Source "ChessBase"]
[SourceDate "2015.10.08"]
[SourceVersion "1"]
[SourceVersionDate "2015.10.08"]
[SourceQuality "1"]
[WhiteTeam "Ochtrup"]
[BlackTeam "Emsdetten Rochade II"]
[WhiteTeamCountry "GER"]
[BlackTeamCountry "GER"]

1. e4 c6 2. d4 d5 3. e5 Bf5 4. Ne2 e6 5. Ng3 Bg6 6. h4 h6 7. h5 Bh7 8. Bd3 Bxd3 9. Qxd3 c5 10. c3 Nc6 11. Nd2 cxd4 12. cxd4 Qa5 13. 0-0 Rc8 14. Nb3 Qb6 15. Bd2 Bb4 16. Rac1 Nge7 17. Bxb4 Qxb4 18. a3 Qb6 19. Rc5 a6 20. Rfc1 0-0 21. f4 Rfe8 22. Kh2 Qd8 23. f5 exf5 24. Nxf5 Nxf5 25. Qxf5 Qh4+ 26. Qh3 Qxh3+ 27. Kxh3 Rcd8 28. Rf1 Re7 29. g4 Kh7 30. Rf5 Rdd7 31. g5 hxg5 32. Rxg5 Nd8 33. Rg4 Ne6 34. Rc3 Rc7 35. Nd2 Rxc3+ 36. bxc3 Rc7 37. c4 dxc4 38. d5 c3 39. Nb3 Nd8 40. Rg1 c2 41. Rc1 Rc3+ 0-1

[Event "Steinfurt Bezirksliga 1314"]
[Site "Germany"]
[Date "2014.04.26"]
[Round "8.3"]
[White "Bauer, Alfred"]
[Black "Schmidt, Frank"]
[Result "1/2-1/2"]
[WhiteElo "1449"]
[BlackElo "1703"]
[PlyCount "109"]
[EventDate "2013.09.14"]
[EventType "team-tourn"]
[EventRounds "9"]
[EventCountry "GER"]
[SourceTitle "EXT 2015"]
[Source "ChessBase"]
[SourceDate "2014.11.20"]
[SourceVersion "1"]
[SourceVersionDate "2014.11.20"]
[SourceQuality "1"]
[WhiteTeam "Steinfurt III"]
[BlackTeam "Emsdetten Rochade II"]
[WhiteTeamCountry "GER"]
[BlackTeamCountry "GER"]

1. e4 c5 2. Nf3 Nc6 3. Bb5 g6 4. c3 Bg7 5. Bxc6 dxc6 6. d3 Qc7 7. Qe2 e5 8. Be3 b6 9. h3 Ba6 10. 0-0 Nf6 11. Na3 Rd8 12. Rad1 0-0 13. Ne1 Nxe4 14. c4 Nf6 15. Bg5 Rde8 16. Bxf6 Bxf6 17. b3 Bc8 18. Nac2 a5 19. Qf3 Bg7 20. Ne3 f5 21. Qe2 f4 22. Ng4 h5 23. Nh2 Bf5 24. Nef3 e4 25. dxe4 Rxe4 26. Qd2 Bd4 27. Nh4 Qe5 28. N2f3 Qe7 29. Nxf5 Rxf5 30. Rfe1 Rxe1+ 31. Rxe1 Qf6 32. Qe2 Qf7 33. Qe8+ Qxe8 34. Rxe8+ Kf7 35. Rc8 Rf6 36. Ng5+ Ke7 37. Kf1 Kd7 38. Rb8 Kc7 39. Re8 Kd7 40. Ra8 Rf5 41. h4 Bf6 42. Ra7+ Kc8 43. Nf3 Bd8 44. Rg7 Rf6 45. Rg8 Re6 46. Ng5 Rd6 47. Ke2 Kc7 48. Rg7+ Kc8 49. Rg8 Kc7 50. Nf3 Re6+ 51. Kf1 b5 52. Rg7+ Kb6 53. Rd7 Bf6 54. g3 fxg3 55. fxg3 1/2-1/2

[Event "Steinfurt Bezirksliga 1213"]
[Site "Germany"]
[Date "2013.01.12"]
[Round "5.5"]
[White "Frerichs, Mirco"]
[Black "Schmidt, Frank"]
[Result "0-1"]
[WhiteElo "1455"]
[BlackElo "1670"]
[PlyCount "169"]
[EventDate "2012.09.22"]
[EventType "team-tourn"]
[EventRounds "9"]
[EventCountry "GER"]
[SourceTitle "EXT 2015"]
[Source "ChessBase"]
[SourceDate "2014.11.20"]
[SourceVersion "1"]
[SourceVersionDate "2014.11.20"]
[SourceQuality "1"]
[WhiteTeam "Westerkappeln"]
[BlackTeam "Emsdetten Rochade II"]
[WhiteTeamCountry "GER"]
[BlackTeamCountry "GER"]

1. d4 d5 2. Nf3 Nf6 3. c4 e6 4. Nc3 c6 5. Bg5 Be7 6. e3 Nbd7 7. Rc1 h6 8. Bh4 0-0 9. Be2 Re8 10. cxd5 exd5 11. 0-0 a5 12. h3 Nh5 13. Bxe7 Qxe7 14. Nd2 Nhf6 15. Re1 Qd6 16. Bd3 Kh8 17. Nf3 Ne4 18. Bxe4 dxe4 19. Nd2 Nf6 20. Nc4 Qb4 21. b3 Be6 22. Nd2 Bf5 23. Ncb1 Qe7 24. Rc5 Bg6 25. Nc3 Nd7 26. Rc4 Qd6 27. d5 Nb6 28. Ncxe4 Bxe4 29. Nxe4 Qxd5 30. Rd4 Qe6 31. Nc5 Qe7 32. Qc2 Nd5 33. Nd3 Qf6 34. Nf4 Qxd4 35. exd4 Rxe1+ 36. Kh2 Nxf4 37. Qd2 Nxg2 38. Kxg2 Re6 39. Qf4 Rg6+ 40. Kf1 Rf6 41. Qc7 b5 42. Qb7 Rd8 43. Qb6 Rfd6 44. Qxa5 Rxd4 45. Qc7 R8d6 46. Qxf7 Rf6 47. Qe8+ Kh7 48. Ke1 Rdf4 49. Qe3 b4 50. Qd3+ Kg8 51. Qd2 Kf7 52. Qd7+ Kg6 53. Qd3+ Kh5 54. Qg3 g5 55. Kd1 Kg6 56. Qd3+ Kf7 57. Qd7+ Kf8 58. Qd8+ Kg7 59. Qd7+ Kg6 60. Qe8+ Kf5 61. Qd7+ Ke4 62. Qe7+ Kd4 63. Qd8+ Rd6 64. Qa5 c5 65. Ke2 Re6+ 66. Kf1 Ref6 67. Qd8+ Ke4 68. Qe7+ Kd5 69. Qd7+ Rd6 70. Qb7+ Kd4 71. Qg7+ Rdf6 72. Qd7+ Kc3 73. Qg7 Rxf2+ 74. Ke1 Kb2 75. Kd1 Kb1 76. Qh7+ R2f5 77. Kd2 Kxa2 78. Kd3 Kxb3 79. Qg8+ Rf7 80. Qg6 c4+ 81. Kd4 R7f6 82. Qg8 Rf4+ 83. Kc5 R6f5+ 84. Kd6 Rd4+ 85. Ke6 0-1

[Event "Oberliga Ost-B 1112"]
[Site "Germany"]
[Date "2012.04.14"]
[Round "10.8"]
[White "Schmidt, Frank"]
[Black "Wolff, Peter"]
[Result "0-1"]
[WhiteElo "2045"]
[BlackElo "2009"]
[PlyCount "68"]
[EventDate "2011.10.02"]
[EventType "team-tourn"]
[EventRounds "11"]
[EventCountry "GER"]
[SourceTitle "EXT 2013"]
[Source "ChessBase"]
[SourceDate "2012.11.22"]
[SourceVersion "1"]
[SourceVersionDate "2012.11.22"]
[SourceQuality "1"]
[WhiteTeam "Elstertal"]
[BlackTeam "Offenbach"]
[WhiteTeamCountry "GER"]
[BlackTeamCountry "GER"]

1. d4 d5 2. e3 Nf6 3. c4 c6 4. Nc3 e6 5. Bd2 Nbd7 6. Nf3 Bd6 7. c5 Bc7 8. Bd3 e5 9. Nxe5 Nxe5 10. dxe5 Bxe5 11. Qc2 Qe7 12. Ne2 Bg4 13. f3 Bh5 14. 0-0 Bg6 15. f4 Bxd3 16. Qxd3 Bc7 17. Rac1 Ne4 18. Qd4 0-0 19. Rf3 Rae8 20. Ng3 f5 21. b4 Bd8 22. Rd1 Qf7 23. Nxe4 Rxe4 24. Qd3 Bf6 25. a4 Rfe8 26. Qb3 Rc4 27. Rc1 Ree4 28. Rxc4 Rxc4 29. Qd3 Bb2 30. Rg3 Qe6 31. Qb3 Bf6 32. Rf3 Qe4 33. Rf1 Rc2 34. Be1 Qxg2# 0-1

[Event "Berlin Lichtenberger op 8th"]
[Site "Berlin"]
[Date "2009.08.22"]
[Round "8"]
[White "Yuan, Yizheng"]
[Black "Schmidt, Frank"]
[Result "0-1"]
[WhiteElo "1770"]
[BlackElo "1903"]
[PlyCount "66"]
[EventDate "2009.08.15"]
[EventType "swiss"]
[EventRounds "9"]
[EventCountry "GER"]
[SourceTitle "CBM 131 Extra"]
[Source "ChessBase"]
[SourceDate "2009.09.03"]
[SourceVersion "2"]
[SourceVersionDate "2009.09.16"]
[SourceQuality "1"]

1. e4 g6 2. d4 Bg7 3. Nc3 d6 4. Be3 a6 5. Qd2 b5 6. 0-0-0 Nf6 7. f3 b4 8. Nd5 Nxd5 9. exd5 a5 10. Bh6 0-0 11. h4 f6 12. Bc4 Qe8 13. g4 Ba6 14. Bxa6 Nxa6 15. Bxg7 Kxg7 16. Re1 a4 17. Nh3 b3 18. cxb3 axb3 19. a3 c6 20. Re3 Nc7 21. Nf4 cxd5 22. Rxb3 Rc8 23. Kb1 Qd7 24. Re1 e5 25. dxe5 dxe5 26. Nxd5 Nxd5 27. Rd3 Rfd8 28. Rd1 Rc5 29. b4 Qb5 30. Ka1 Nxb4 31. Rxd8 Nc2+ 32. Ka2 Qc4+ 33. Kb2 Rb5+ 0-1

[Event "Berlin Lichtenberger op 8th"]
[Site "Berlin"]
[Date "2009.08.19"]
[Round "5"]
[White "Schmidt, Frank"]
[Black "Kiesewetter, Peter"]
[Result "1-0"]
[WhiteElo "1903"]
[BlackElo "1906"]
[PlyCount "41"]
[EventDate "2009.08.15"]
[EventType "swiss"]
[EventRounds "9"]
[EventCountry "GER"]
[SourceTitle "CBM 131 Extra"]
[Source "ChessBase"]
[SourceDate "2009.09.03"]
[SourceVersion "2"]
[SourceVersionDate "2009.09.16"]
[SourceQuality "1"]

1. d4 Nf6 2. c4 c5 3. Nf3 cxd4 4. Nxd4 Nc6 5. g3 e6 6. Bg2 d5 7. 0-0 e5 8. Nxc6 bxc6 9. Bg5 Be6 10. Nc3 e4 11. cxd5 cxd5 12. Qa4+ Bd7 13. Qd4 Bc6 14. Rfd1 Be7 15. Bxf6 Bxf6 16. Qc5 Qb6 17. Qxb6 axb6 18. Nxd5 Bxd5 19. Rxd5 Bxb2 20. Rb1 Rxa2 21. Rd2 1-0

[Event "Berlin Lichtenberger op 8th"]
[Site "Berlin"]
[Date "2009.08.18"]
[Round "4"]
[White "Syska, Albert"]
[Black "Schmidt, Frank"]
[Result "1-0"]
[WhiteElo "2268"]
[BlackElo "1903"]
[PlyCount "57"]
[EventDate "2009.08.15"]
[EventType "swiss"]
[EventRounds "9"]
[EventCountry "GER"]
[SourceTitle "CBM 131 Extra"]
[Source "ChessBase"]
[SourceDate "2009.09.03"]
[SourceVersion "2"]
[SourceVersionDate "2009.09.16"]
[SourceQuality "1"]

1. e4 d6 2. d4 Nf6 3. Nc3 g6 4. Nf3 Bg7 5. h3 0-0 6. Bg5 c6 7. Qd2 b5 8. a3 Qa5 9. Bd3 Qc7 10. 0-0 Nbd7 11. Rfe1 e5 12. Rad1 exd4 13. Nxd4 Ne5 14. Bf1 a6 15. f4 Nc4 16. Bxc4 bxc4 17. Qe2 Rb8 18. Qxc4 h6 19. Bxf6 Bxf6 20. e5 dxe5 21. Nd5 Qd6 22. Qxc6 Qxd5 23. Qxd5 exd4 24. Qd6 Be6 25. Rxe6 fxe6 26. Qxe6+ Kg7 27. b4 Rbc8 28. Qd7+ Kg8 29. Qg4 1-0

[Event "BL2-Nord 0607"]
[Site "Germany"]
[Date "2007.04.01"]
[Round "8.8"]
[White "Bohnsack, Ralf"]
[Black "Schmidt, Frank"]
[Result "1-0"]
[WhiteElo "2160"]
[BlackElo "2045"]
[PlyCount "69"]
[EventDate "2006.10.15"]
[EventType "team-tourn"]
[EventRounds "9"]
[EventCountry "GER"]
[SourceTitle "EXT 2008"]
[Source "ChessBase"]
[SourceDate "2007.11.25"]
[SourceVersion "1"]
[SourceVersionDate "2007.11.25"]
[SourceQuality "1"]
[WhiteTeam "Norderstedt"]
[BlackTeam "Preetz"]
[WhiteTeamCountry "GER"]
[BlackTeamCountry "GER"]

1. d4 Nf6 2. Nf3 g6 3. c4 Bg7 4. Nc3 0-0 5. e4 d6 6. Be2 e5 7. d5 a5 8. Bg5 h6 9. Bh4 Na6 10. Nd2 Bd7 11. 0-0 Qe8 12. b3 Nh7 13. a3 h5 14. f3 Bh6 15. Kh1 Be3 16. Qc2 Nc5 17. b4 axb4 18. axb4 Na4 19. Nb5 Bxb5 20. cxb5 Bxd2 21. Qxd2 Qd7 22. Qc2 Nb6 23. Ra5 f5 24. exf5 gxf5 25. f4 e4 26. Bxh5 Nf6 27. Rxa8 Nxa8 28. Bxf6 Rxf6 29. Be2 Rh6 30. g4 Qh7 31. Rf2 Qe7 32. gxf5 Qh4 33. Rg2+ Kf8 34. Qxe4 Qe1+ 35. Rg1 1-0

[Event "Berlin Lichtenberger op 6th"]
[Site "Berlin"]
[Date "2007.??.??"]
[Round "?"]
[White "Schmidt, Frank"]
[Black "Wege, Hermann"]
[Result "1-0"]
[WhiteElo "2045"]
[BlackElo "2027"]
[PlyCount "57"]
[EventDate "2007.08.18"]
[EventType "swiss"]
[EventRounds "9"]
[EventCountry "GER"]
[SourceTitle "CBM 120 Extra"]
[Source "ChessBase"]
[SourceDate "2007.11.01"]
[SourceVersion "1"]
[SourceVersionDate "2007.11.01"]
[SourceQuality "1"]

1. d4 d5 2. c4 c6 3. Nf3 Nf6 4. g3 e6 5. Qc2 Be7 6. Bg2 0-0 7. 0-0 Nbd7 8. Nbd2 Re8 9. e4 dxe4 10. Nxe4 Nxe4 11. Qxe4 Nf6 12. Qc2 Qc7 13. a3 a5 14. b3 b6 15. Bb2 Bb7 16. Rad1 Rac8 17. Ne5 c5 18. d5 exd5 19. cxd5 Rcd8 20. Nc6 Bxc6 21. dxc6 Rxd1 22. Rxd1 Bd6 23. Qf5 Be5 24. Rd7 Qb8 25. Rb7 Qd6 26. Bxe5 Rxe5 27. Qxe5 Qxe5 28. c7 Qe1+ 29. Bf1 1-0

[Event "BL2-Nord 0607"]
[Site "Germany"]
[Date "2006.12.10"]
[Round "4.7"]
[White "Schmidt, Frank"]
[Black "Heinig, Wolfram"]
[Result "1/2-1/2"]
[WhiteElo "2045"]
[BlackElo "2360"]
[PlyCount "51"]
[EventDate "2006.10.15"]
[EventType "team-tourn"]
[EventRounds "9"]
[EventCountry "GER"]
[SourceTitle "EXT 2008"]
[Source "ChessBase"]
[SourceDate "2007.11.25"]
[SourceVersion "1"]
[SourceVersionDate "2007.11.25"]
[SourceQuality "1"]
[WhiteTeam "Preetz"]
[BlackTeam "Zehlendorf"]
[WhiteTeamCountry "GER"]
[BlackTeamCountry "GER"]

1. d4 Nf6 2. Nf3 g6 3. g3 Bg7 4. Bg2 0-0 5. 0-0 d6 6. c4 Nbd7 7. Nc3 e5 8. Bg5 h6 9. dxe5 hxg5 10. exf6 Bxf6 11. Qd2 g4 12. Nd4 Ne5 13. b3 a6 14. Rad1 Bg7 15. Nd5 Rb8 16. Nc3 Bd7 17. Ne4 Qe7 18. Nc3 Rfe8 19. Nd5 Qd8 20. Qa5 Nc6 21. Nxc6 bxc6 22. Ne3 Re5 23. Qxa6 Ra8 24. Qb7 Rb8 25. Qa6 Ra8 26. Qb7 1/2-1/2